000 00481nam a22001457a 4500
003 OSt
005 20240403095614.0
008 240403b |||||||| |||| 00| 0 eng d
040 _cCentral library MRSPTU
100 _aDr. Sudesh Kumar Memorial Library Chanarthal Kalan
245 _aKalam Chanarthal Di : Literary Dabra) (ਕਲਮ ਚਨਾਰਥਲ ਦੀ)
260 _aChandigarh
_bDr. Sudesh Kumar Memorial Library Chanarthal Kalan
_c2023
300 _a132
942 _2ddc
_cBK
_n0
999 _c9946
_d9946